000
00299nam a22001217a 4500
008
230626b xxu||||| |||| 00| 0 eng d
082
_a
331.16
_b
KHA
100
_c
KHA
245
_a
Labour Economics and Manpower Planning in Tanzania
260
_a
Kenya
_b
KLB
_c
1978
300
_a
139p
942
_2
ddc
_c
BK
999
_c
2680
_d
2680